000 02106nam a2200325Ia 4500
999 _c53290
_d53290
001 20331
003 GE_BSU
005 20200914194049.0
008 181216s1956||||ge |||||||||||||| ||geo||
040 _cGE_BSU
041 _ageo
080 _a811.353.1'342 ა-98
100 _aახვლედიანი, გ.
_92910
245 _aზოგადი ფონეტიკის შესავალი = Введение в общую фонетику :
_bსახელმძღვანელო /
_cგ. ახვლედიანი ; რედაქტორი სერგი ჟღენტი.
264 _aთბილისი :
_bსტალინის სახელობის თბილისის სახელმწიფო უნივერსიტეტის გამ-ბა,
_c1956.
300 _a208 გვ. ;
_c22 სმ.
490 _aზოგადი ენათმეცნიერების კათედრის შრომები
_v1
541 _h1ლ.12თ.
653 _aფონეტიკა
653 _a ზოგადი ფონეტიკა
653 _aფონეტიკის საგანი და მეთოდები
653 _a საწარმოთქმო ორგანოები, მათი მოქმედება და ფონემის ფიზიკური თვისებები
653 _aსამეტყველო ბგერათა კლსიფიკაცია
653 _aრუსულისა და ქართულის ფონემური შემადგენლობა
653 _a ბგერათშეერთება - მარცვალი
653 _a ბგერათრაოდენობა ანუ ბგერათა სიგრძე–სიმოკლე
653 _a მახვილი - სამეტყველო ბგერა და წერა
700 _aჟღენტი, სერგი
_eრედაქტორი
_97678
942 _cBK
_2udc